| 000 | 00642nam a22001697a 4500 | ||
|---|---|---|---|
| 005 | 20251108165533.0 | ||
| 008 | 250721s1972 xx 000 0 ara d | ||
| 082 | 1 | 4 | _aم/301.206/حلق |
| 245 | 1 | 0 | _aالتقرير النهائي و التوصيات / |
| 264 | 1 |
_aالقاهره : _bجامعة الدول العربي - الإدارة الثقافية بالأمانة العامة، _c1972. |
|
| 300 | _a331ص | ||
| 650 | 1 | 7 | _aالثقافة |
| 650 | 1 | 7 | _aالمؤتمرات |
| 710 | 2 | _aحلقة العناية بالثقافة القومية للطفل العربي ، بيروت ، 7-17/9/1970 | |
| 942 |
_2ddc _cREF |
||
| 999 |
_c30241 _d30241 |
||